| 000 | 00863nam a2200265Ia 4500 | ||
|---|---|---|---|
| 003 | OSt | ||
| 005 | 20260422105231.0 | ||
| 008 | 220909b |||||||| |||| 00| 0 eng d | ||
| 020 | _a8188689785 | ||
| 037 | _cTextual | ||
| 040 |
_aCSL _beng _cCSL |
||
| 041 | _aeng | ||
| 084 |
_aCN1 P1;P7.1;3 TC _qCSL |
||
| 100 |
_aAtkinson, David _91234582 |
||
| 245 | 0 | _aQuantum mechanics: a self-contained course | |
| 260 |
_aNew Delhi: _bOverseas press (India) Private Limited, _c2007. |
||
| 300 | _aix, 197p. | ||
| 440 | _vVol. 1 | ||
| 500 | _aAppendix A, 175-192p.; Bibliography p.193; Index 194-197p. | ||
| 650 | _aQuantum mechanics | ||
| 650 | _aPhysics | ||
| 700 |
_aHounkonnou, Mahouton Norbert _91235340 |
||
| 942 |
_hCN1 P1;P7.1;3 TC _cTB _2CC |
||
| 999 |
_c38939 _d38939 |
||